Desafíos en la protección internacional de los derechos humanos de las mujeres en relación a la dinámica de las migraciones mixtas y el derecho al refugio /
Aborda el tema de la protección internacional vinculado a la dinámica de los flujos mixtos y del derecho al refugio, particularmente en cuanto a la garantía efectiva de los derechos humanos de las mujeres frente a este fenómeno en Panamá. Presenta una aproximación en cuanto al marco jurídico interna...
Guardado en:
| Autor principal: | |
|---|---|
| Formato: | Texto |
| Materias: | |
| Etiquetas: |
Agregar Etiqueta
Sin Etiquetas, Sea el primero en etiquetar este registro!
|
MARC
| LEADER | 00000 a a2200000 04500 | ||
|---|---|---|---|
| 001 | 46249 | ||
| 003 | |||
| 040 | |||
| 100 | |a Harbar Gómez, Eyra | ||
| 245 | |a Desafíos en la protección internacional de los derechos humanos de las mujeres en relación a la dinámica de las migraciones mixtas y el derecho al refugio / |c Eyra Harbar Gómez | ||
| 520 | |a Aborda el tema de la protección internacional vinculado a la dinámica de los flujos mixtos y del derecho al refugio, particularmente en cuanto a la garantía efectiva de los derechos humanos de las mujeres frente a este fenómeno en Panamá. Presenta una aproximación en cuanto al marco jurídico internacional dispuesto para la atención y cumplimiento de las medidas dispuestas para el acceso a solicitudes de refugio, a la luz de la garantía efectiva de los derechos humanos de las mujeres, para posteriormente enfatizar en la protección de las mujeres en la dinámica de las migraciones mixtas. | ||
| 590 | |a AMB/SETIEMBRE2014 | ||
| 650 | |a A)MUJERES | ||
| 650 | |a B)MIGRACION | ||
| 650 | |a C)REFUGIO (TESAURO CUUICS) | ||
| 650 | |a D)DERECHOS HUMANOS | ||
| 650 | |a E)PANAMA | ||
| 773 | |g páginas 27-50 | ||
| 999 | |c 31237 |d 31237 | ||
